000 00429nam a2200133Ia 4500
008 230907s9999||||xx |||||||||||||| ||und||
082 _a620.1
_bGER
100 _aGere, James M.
_92985
245 0 _aMechanics of materials /
260 _aCengage Learning,
_bStamford, CT :
_c2013
300 _axx, 1130 p. :
650 _aTextbooks. Textbooks. Textbooks. Problems, exercises, etc. Problems, exercises, etc.
_9115655
942 _cBK
999 _c599075
_d599075